| 000 | 00957nas a2200289 4500 | ||
|---|---|---|---|
| 001 | BR0902156 | ||
| 003 | BR-BrBNA | ||
| 005 | 20231205112645.0 | ||
| 007 | ta | ||
| 008 | 230509b bl.|||p| |||| 00| 00por d | ||
| 040 |
_aBR-BrBNA _bpor _cBiblioteca Nacional de Agricultura |
||
| 041 | _a(Pt) | ||
| 072 | _aF08 | ||
| 100 | 1 | _aSilva, P. de T.E. da | |
| 100 | 1 | _aBrienza Junior, S. | |
| 100 | 1 | _aYared, J.A.G. | |
| 100 | 1 | _aBarros, P.L.C. de | |
| 100 | 1 | _aMaciel, M. de N.M. | |
| 245 | 1 | _aIdentificação e caracterização de zonas bioclimaticas das areas de inserçao de sistemas agroflorestais praticados na Amazonia brasileira | |
| 650 | _aAGROSSILVICULTURA | ||
| 650 | _aZONA CLIMATICA | ||
| 650 | _aTRANSFERENCIA DE TECNOLOGIA | ||
| 650 | _aAMAZONIA | ||
| 773 | 0 |
_tRevista de Ciencias Agrarias (Brazil) _xISSN 1517-591X _g(Jan-Jun 2008), (no. 49) p. 87-100 _wBR0902156 |
|
| 909 |
_a202311 _bLúcia _c55 _dLúcia Elande |
||
| 942 |
_2AGRIS _n0 _cANA |
||
| 999 |
_c199214 _d199214 |
||